[Event "4NCL"]
[Site "Barcelo Hotel, Hinkley Island,"]
[Date "2011.04.30"]
[Round "9.11"]
[White "Poulton, James R"]
[Black "Franklin, Samuel GA"]
[Result "1-0"]
[WhiteElo "2361"]
[BlackElo "2180"]
[PlyCount "80"]
[EventDate "2011.??.??"]
[WhiteTeam "Wessex 1"]
[BlackTeam "Barbican Youth"]

1. c4 Nf6 2. g3 g6 3. Bg2 Bg7 4. d4 O-O 5. Nf3 d6 6. O-O Nc6 7. d5 Na5 8. Nbd2
c5 9. e4 e6 10. b4 cxb4 11. Rb1 e5 12. Ne1 Bd7 13. Nd3 Rc8 14. Rxb4 Nh5 15. g4
Nf6 16. Bf3 Ne8 17. Kh1 f5 18. gxf5 gxf5 19. Rg1 Nf6 20. Qe2 Kh8 21. Bb2 b6 22.
exf5 Bxf5 23. Ra4 Rf7 24. Bc3 Qe8 25. Nb2 e4 26. Bg2 Ng4 27. Ra3 Bxc3 28. Rxc3
Qe5 29. Rg3 Qxb2 30. Bh3 e3 31. Bxg4 exf2 32. Qxf2 Be4+ 33. Bf3 Bg6 34. Qe1
Rcf8 35. Be4 Bxe4+ 36. Nxe4 Qe5 37. Ng5 Rg7 38. Qc1 Nb7 39. Nf3 Rxg3 40. Nxe5
Rxg1+ 1-0

[Event "4NCL"]
[Site "Barcelo Hotel, Hinkley Island,"]
[Date "2011.04.30"]
[Round "9.12"]
[White "Taylor, Peter P"]
[Black "Simons, Martin J"]
[Result "1-0"]
[WhiteElo "2226"]
[BlackElo "2186"]
[PlyCount "37"]
[EventDate "2011.??.??"]
[WhiteTeam "Barbican Youth"]
[BlackTeam "Wessex 1"]

1. d4 c5 2. d5 Nf6 3. Nc3 Qa5 4. Bd2 b5 5. e4 b4 6. e5 bxc3 7. Bxc3 Qb6 8. exf6
gxf6 9. Qh5 d6 10. Nf3 Na6 11. Ng5 fxg5 12. Bxh8 Nb4 13. Bd3 Nxd5 14. O-O Bb7
15. Bc4 h6 16. Rfd1 e6 17. Bxd5 Bxd5 18. Rxd5 exd5 19. Re1+ 1-0

[Event "4NCL"]
[Site "Barcelo Hotel, Hinkley Island,"]
[Date "2011.04.30"]
[Round "9.13"]
[White "Lock, Gavin R"]
[Black "Hodgson, John H"]
[Result "1/2-1/2"]
[WhiteElo "2192"]
[BlackElo "2200"]
[PlyCount "34"]
[EventDate "2011.??.??"]
[WhiteTeam "Wessex 1"]
[BlackTeam "Barbican Youth"]

1. d4 Nf6 2. Nf3 g6 3. c4 Bg7 4. Nc3 d5 5. Bg5 Ne4 6. Bh4 Nxc3 7. bxc3 dxc4 8.
Qa4+ Qd7 9. Qxc4 b6 10. e3 Ba6 11. Qb3 Bxf1 12. Kxf1 Nc6 13. Ke2 O-O 14. Rhd1
Bf6 15. Bg3 Na5 16. Qb4 Qc8 17. Rac1 Rd8 1/2-1/2

[Event "4NCL"]
[Site "Barcelo Hotel, Hinkley Island,"]
[Date "2011.04.30"]
[Round "9.14"]
[White "O'Toole, George E"]
[Black "Yeo, Michael J"]
[Result "1/2-1/2"]
[WhiteElo "2152"]
[BlackElo "2172"]
[PlyCount "103"]
[EventDate "2011.??.??"]
[WhiteTeam "Barbican Youth"]
[BlackTeam "Wessex 1"]

1. e4 e5 2. Nf3 Nc6 3. Bb5 a6 4. Ba4 Nf6 5. Qe2 Be7 6. O-O b5 7. Bb3 O-O 8. c3
d5 9. d3 d4 10. Nbd2 Qd6 11. cxd4 Nxd4 12. Nxd4 Qxd4 13. Nf3 Qd6 14. d4 Nd7 15.
Rd1 c6 16. dxe5 Qc7 17. Bf4 Nc5 18. Bc2 Ne6 19. Bg3 c5 20. a4 Rb8 21. axb5 axb5
22. b3 Bd7 23. Ra2 Ra8 24. Rda1 Rxa2 25. Rxa2 Rc8 26. h3 c4 27. bxc4 bxc4 28.
Qd1 Bc6 29. Qa1 Qb6 30. Ra6 Qc5 31. Qa2 Qb4 32. Kh2 Bf8 33. Ra7 Bc5 34. Ra6 Bf8
35. Bh4 Qc5 36. Ra7 Nd4 37. Nxd4 Qxe5+ 38. Bg3 Qxd4 39. Qa6 Rd8 40. Rc7 Bxe4
41. Rxc4 Bxc2 42. Rxd4 Rxd4 43. Be5 Rd2 44. Qb6 Bg6 45. Qb8 f6 46. Bc3 Re2 47.
Qc8 Bf7 48. Bd4 Re8 49. Qg4 Bd6+ 50. g3 h5 51. Qf3 Rd8 52. Bc3 1/2-1/2

[Event "4NCL"]
[Site "Barcelo Hotel, Hinkley Island,"]
[Date "2011.04.30"]
[Round "9.15"]
[White "Rutter, Nick J"]
[Black "Sanders, Isaac B"]
[Result "0-1"]
[WhiteElo "2191"]
[BlackElo "2015"]
[PlyCount "68"]
[EventDate "2011.??.??"]
[WhiteTeam "Wessex 1"]
[BlackTeam "Barbican Youth"]

1. e4 c5 2. Nf3 d6 3. d4 cxd4 4. Nxd4 Nf6 5. Nc3 a6 6. Bg5 e6 7. f4 Be7 8. Qf3
Nbd7 9. O-O-O Qc7 10. g4 b5 11. Bxf6 gxf6 12. Bd3 Bb7 13. Rhe1 O-O-O 14. a3 Nc5
15. Qe3 Kb8 16. Kb1 Rhg8 17. Be2 Rc8 18. Rc1 Nd7 19. Bf3 Nb6 20. Be2 Rgd8 21.
f5 e5 22. Nb3 Nc4 23. Bxc4 bxc4 24. Nd2 d5 25. Nxd5 Bxd5 26. exd5 Rxd5 27. Ne4
Bc5 28. Qe2 Qb7 29. Ka2 Be7 30. Red1 c3 31. bxc3 Ra5 32. Nd6 Bxd6 33. Rxd6 Rxc3
34. Rd8+ Kc7 0-1

[Event "4NCL"]
[Site "Barcelo Hotel, Hinkley Island,"]
[Date "2011.04.30"]
[Round "9.16"]
[White "Cumming, Rhys"]
[Black "de Coverly, Roger D"]
[Result "0-1"]
[WhiteElo "2008"]
[BlackElo "2068"]
[PlyCount "96"]
[EventDate "2011.??.??"]
[WhiteTeam "Barbican Youth"]
[BlackTeam "Wessex 1"]

1. e4 e5 2. Nf3 Nc6 3. Bb5 a6 4. Ba4 Nf6 5. O-O Be7 6. Re1 b5 7. Bb3 O-O 8. h3
Bb7 9. d3 d6 10. a3 Na5 11. Ba2 c5 12. Nbd2 Re8 13. Nf1 g6 14. Ng3 Bf8 15. Nh2
d5 16. Qf3 c4 17. Bg5 Be7 18. Bxf6 Bxf6 19. Rad1 d4 20. b4 cxb3 21. Bxb3 Nxb3
22. cxb3 Bg7 23. Qe2 Qd6 24. Qa2 Bf8 25. a4 Rec8 26. Ne2 Bc6 27. Ra1 Qe6 28.
Nf3 f6 29. Nd2 Bb4 30. Red1 Bc3 31. Rac1 Bd7 32. Rc2 bxa4 33. bxa4 Qxa2 34.
Rxa2 Be6 35. Rc2 Rab8 36. Nc1 Rb4 37. Rf1 Bxd2 38. Rxd2 Rxa4 39. Ne2 a5 40. f3
Rb4 41. Ra1 a4 42. Ra3 Bd7 43. Kf2 Kf7 44. Rda2 Ke7 45. Ra1 Rc2 46. R3a2 Rbb2
47. Rxb2 Rxb2 48. Kf1 Kd6 0-1

[Event "4NCL"]
[Site "Barcelo Hotel, Hinkley Island,"]
[Date "2011.04.30"]
[Round "9.17"]
[White "Gill, Oliver"]
[Black "Stewart, Ashley"]
[Result "1-0"]
[WhiteElo "2066"]
[BlackElo "1969"]
[PlyCount "131"]
[EventDate "2011.??.??"]
[WhiteTeam "Wessex 1"]
[BlackTeam "Barbican Youth"]

1. e4 c5 2. b3 d6 3. Bb2 Nc6 4. f4 Nf6 5. Nc3 e5 6. Bc4 Bg4 7. Nge2 Be7 8. O-O
O-O 9. d3 Nd4 10. h3 Bxe2 11. Nxe2 Nxe2+ 12. Qxe2 Nd7 13. fxe5 Nxe5 14. Bd5 Bf6
15. Bxb7 Rb8 16. Bd5 Nf3+ 17. Rxf3 Bxb2 18. Raf1 Bf6 19. Rf4 Qe7 20. Qh5 Kh8
21. Rxf6 gxf6 22. Qh6 Rg8 23. Qxf6+ Qxf6 24. Rxf6 Rg6 25. Rxf7 Rg7 26. Rf5 Rg6
27. Kf2 a5 28. g4 Kg7 29. Rf7+ Kh6 30. Kg3 Rg7 31. Rf4 Re8 32. h4 Re5 33. g5+
Kg6 34. Bc6 Rf7 35. h5+ Kg7 36. Rxf7+ Kxf7 37. Kg4 Kg7 38. Bd5 h6 39. gxh6+
Kxh6 40. Bf7 Rg5+ 41. Kf4 Re5 42. c3 Rg5 43. d4 cxd4 44. cxd4 Rg2 45. Kf5 Rxa2
46. Ke6 Rf2 47. Be8 Rf3 48. Ba4 Re3 49. Kxd6 Rxe4 50. d5 Kxh5 51. Kc7 Re5 52.
d6 Kg6 53. d7 Re7 54. Kc8 Rxd7 55. Kxd7 Kf6 56. Kc6 Ke7 57. Kb5 Kd6 58. Kxa5
Kc7 59. Kb5 Kb7 60. b4 Ka7 61. Kc6 Kb8 62. Kb6 Ka8 63. Kc7 Ka7 64. b5 Ka8 65.
Bd1 Ka7 66. b6+ 1-0

[Event "4NCL"]
[Site "Barcelo Hotel, Hinkley Island,"]
[Date "2011.04.30"]
[Round "9.18"]
[White "Morrison, Lynne GP"]
[Black "McGiff, Aidan Y"]
[Result "0-1"]
[WhiteElo "1913"]
[BlackElo "1725"]
[PlyCount "96"]
[EventDate "2011.??.??"]
[WhiteTeam "Barbican Youth"]
[BlackTeam "Wessex 1"]

1. d4 e6 2. e4 d5 3. e5 c5 4. c3 Qb6 5. f4 Nc6 6. Nf3 Nh6 7. Be2 cxd4 8. Nxd4
Nxd4 9. Qxd4 Qxd4 10. cxd4 Nf5 11. Bd3 Nxd4 12. Be3 Nc6 13. a3 Be7 14. Nd2 f6
15. Nf3 O-O 16. O-O Bd7 17. Rac1 Rac8 18. b4 a6 19. Rc2 Nb8 20. Rfc1 Rxc2 21.
Rxc2 Rc8 22. g4 Rxc2 23. Bxc2 a5 24. bxa5 Bxa3 25. h3 Nc6 26. Bb6 Bb4 27. exf6
gxf6 28. Ba4 Kf7 29. Nd4 Nxd4 30. Bxd7 Nb3 31. Bc8 Bxa5 32. Bf2 b6 33. Ba6 Nc5
34. Bb5 Bc3 35. Bxc5 bxc5 36. Bd3 h6 37. Kf2 c4 38. Be2 e5 39. f5 Ke7 40. h4
Bd2 41. Kf1 Kd6 42. Kf2 e4 43. Bd1 Ke5 44. Be2 c3 45. Bd1 d4 46. Bb3 d3 47. g5
fxg5 48. f6 Kxf6 0-1

[Event "4NCL"]
[Site "Barcelo Hotel, Hinkley Island,"]
[Date "2011.04.30"]
[Round "9.21"]
[White "Thompson, Ian D"]
[Black "Jones, Richard S"]
[Result "1/2-1/2"]
[WhiteElo "2260"]
[BlackElo "2369"]
[PlyCount "94"]
[EventDate "2011.??.??"]
[WhiteTeam "Guildford A&DC 2"]
[BlackTeam "Rhyfelwyr Essyllwg"]

1. c4 Nf6 2. Nc3 g6 3. g3 Bg7 4. Bg2 d6 5. Nf3 O-O 6. O-O e5 7. d3 Re8 8. Rb1
a5 9. a3 c6 10. e4 h6 11. b4 axb4 12. axb4 d5 13. exd5 cxd5 14. Bb2 Na6 15. b5
Nb4 16. Ba1 Nxd3 17. cxd5 Nc5 18. b6 Bf5 19. Rb4 Nfd7 20. g4 Bd3 21. Re1 Nxb6
22. Nd2 e4 23. Nb3 Na6 24. Rbxe4 Bxe4 25. Nxe4 Nxd5 26. Bxg7 Kxg7 27. Qa1+ f6
28. Rd1 Nc5 29. Qb1 Nxe4 30. Bxe4 Nc3 31. Rxd8 Nxb1 32. Rd7+ Kf8 33. Bxg6 Re1+
34. Kg2 b5 35. Nd4 Re7 36. Rxe7 Kxe7 37. Bxb1 Ra4 38. Nf5+ Kf8 39. Nxh6 b4 40.
h4 b3 41. Kg3 Ra1 42. Be4 Re1 43. Bd3 Rd1 44. Be4 Re1 45. Bd3 Rc1 46. f3 Rd1
47. Be4 Re1 1/2-1/2

[Event "4NCL"]
[Site "Barcelo Hotel, Hinkley Island,"]
[Date "2011.04.30"]
[Round "9.22"]
[White "Brown, Tom"]
[Black "Granat, Russell G"]
[Result "1/2-1/2"]
[WhiteElo "2070"]
[BlackElo "2243"]
[PlyCount "69"]
[EventDate "2011.??.??"]
[WhiteTeam "Rhyfelwyr Essyllwg"]
[BlackTeam "Guildford A&DC 2"]

1. d4 d5 2. c4 Bf5 3. cxd5 Bxb1 4. Qa4+ c6 5. dxc6 Nxc6 6. Rxb1 e5 7. Bd2 exd4
8. g3 Qd5 9. Nf3 Bc5 10. Bg2 Nge7 11. O-O O-O 12. b4 Bb6 13. b5 Ne5 14. Nxe5
Qxe5 15. Bxb7 Rad8 16. Qc2 Nd5 17. Bxd5 Rxd5 18. Qd3 Re8 19. a4 h5 20. a5 Bd8
21. Bf4 Qe7 22. b6 axb6 23. axb6 Qb7 24. Rfc1 Bxb6 25. Rc7 Qxc7 26. Bxc7 Bxc7
27. Qc4 Rd7 28. Rb7 Ree7 29. Ra7 Kh7 30. Qc2+ g6 31. Kg2 Be5 32. Rxd7 Rxd7 33.
f4 Bg7 34. Qe4 f5 35. Qe6 1/2-1/2

[Event "4NCL"]
[Site "Barcelo Hotel, Hinkley Island,"]
[Date "2011.04.30"]
[Round "9.23"]
[White "Osborne, Marcus E"]
[Black "Morris, Gareth L"]
[Result "1-0"]
[WhiteElo "2231"]
[BlackElo "2131"]
[PlyCount "69"]
[EventDate "2011.??.??"]
[WhiteTeam "Guildford A&DC 2"]
[BlackTeam "Rhyfelwyr Essyllwg"]

1. d4 Nf6 2. c4 c5 3. d5 e5 4. Nc3 d6 5. e4 Nbd7 6. Nf3 Be7 7. Be2 a6 8. O-O
O-O 9. Ne1 Ne8 10. Nd3 Bg5 11. a3 Bxc1 12. Qxc1 Qe7 13. Bg4 g6 14. Bxd7 Bxd7
15. f4 f6 16. fxe5 fxe5 17. Rxf8+ Qxf8 18. b4 b6 19. Rb1 Nf6 20. bxc5 bxc5 21.
Qg5 Kg7 22. Rb6 Rb8 23. Rxa6 Rb3 24. Qd2 Qb8 25. Qc2 Nxe4 26. Nxe4 Bf5 27. Nb4
Re3 28. Nc6 Qf8 29. Ra7+ Kh8 30. Qf2 Rxe4 31. h3 Rxc4 32. Qb2 Rc2 33. Qb7 Rxg2+
34. Kh1 Qg8 35. Qe7 1-0

[Event "4NCL"]
[Site "Barcelo Hotel, Hinkley Island,"]
[Date "2011.04.30"]
[Round "9.25"]
[White "Punnett, Alan K"]
[Black "Trevelyan, John"]
[Result "0-1"]
[WhiteElo "2063"]
[BlackElo "2121"]
[PlyCount "76"]
[EventDate "2011.??.??"]
[WhiteTeam "Guildford A&DC 2"]
[BlackTeam "Rhyfelwyr Essyllwg"]

1. e4 d6 2. Nf3 Nf6 3. Nc3 e5 4. d4 Nbd7 5. Be2 Be7 6. O-O O-O 7. h3 c6 8. Be3
h6 9. a4 Nh7 10. Rb1 a5 11. Qd2 Ng5 12. Nxg5 Bxg5 13. d5 Bxe3 14. Qxe3 c5 15.
Nb5 Qe7 16. Kh2 Nb6 17. b3 f5 18. Rbd1 f4 19. Qc3 Bd7 20. Na3 Qh4 21. Qf3 g6
22. Bb5 Bc8 23. Rde1 h5 24. Be2 Bg4 25. Qc3 f3 26. Bd1 fxg2 27. Kxg2 Rf3 28.
Qxf3 Bxf3+ 29. Bxf3 Rf8 30. Re3 Nc8 31. Nc4 b6 32. Rh1 g5 33. Rh2 Kf7 34. Kg1
Ke7 35. Rg2 Kd7 36. Rg3 Kc7 37. Re1 Qf4 38. Ne3 h4 0-1

[Event "4NCL"]
[Site "Barcelo Hotel, Hinkley Island,"]
[Date "2011.04.30"]
[Round "9.26"]
[White "Smith, Olivia"]
[Black "Shepley, Julien M"]
[Result "0-1"]
[WhiteElo "2004"]
[BlackElo "2043"]
[PlyCount "66"]
[EventDate "2011.??.??"]
[WhiteTeam "Rhyfelwyr Essyllwg"]
[BlackTeam "Guildford A&DC 2"]

1. Nf3 d6 2. g3 Nf6 3. Bg2 c6 4. d3 Bg4 5. Nbd2 Qc8 6. c4 a5 7. Rb1 Na6 8. a3
Bh3 9. O-O h5 10. e3 h4 11. Bxh3 Qxh3 12. Ng5 Qf5 13. Nde4 Nxe4 14. Nxe4 hxg3
15. fxg3 Qh3 16. Qe2 f6 17. b4 axb4 18. axb4 Nc7 19. Nc3 e6 20. e4 Be7 21. d4
d5 22. exd5 exd5 23. Bf4 Ne6 24. Rfe1 Kf7 25. cxd5 Nxf4 26. Qxe7+ Kg8 27. gxf4
Qxh2+ 28. Kf1 Qxf4+ 29. Ke2 Rh2+ 30. Kd3 Qd2+ 31. Kc4 b5+ 32. Nxb5 Qa2+ 33. Kc3
Qc2# 0-1

[Event "4NCL"]
[Site "Barcelo Hotel, Hinkley Island,"]
[Date "2011.04.30"]
[Round "9.27"]
[White "Foster, James C"]
[Black "Davies, Matthew"]
[Result "1-0"]
[WhiteElo "2013"]
[BlackElo "1986"]
[PlyCount "183"]
[EventDate "2011.??.??"]
[WhiteTeam "Guildford A&DC 2"]
[BlackTeam "Rhyfelwyr Essyllwg"]

1. e4 e6 2. d4 d5 3. exd5 exd5 4. c4 Nf6 5. Nc3 Be7 6. Bd3 c6 7. Nge2 Bg4 8. f3
Bh5 9. Nf4 Bg6 10. Nxg6 hxg6 11. Be3 Nbd7 12. cxd5 Nxd5 13. Nxd5 cxd5 14. Qb3
Bh4+ 15. Ke2 Nb6 16. Bb5+ Kf8 17. Rac1 Kg8 18. g3 Bf6 19. h4 Nc8 20. Bd3 Qd7
21. Bf4 Bd8 22. g4 Ne7 23. Bb5 Nc6 24. Bxc6 bxc6 25. Qa4 Rc8 26. Bg3 Bb6 27.
Rhe1 Kh7 28. Kf1 Rhe8 29. Rxe8 Qxe8 30. Re1 Qd7 31. b3 Re8 32. Rxe8 Qxe8 33.
Bf2 Qe6 34. Qa6 Qd6 35. Qd3 Kg8 36. a4 Qa3 37. Qc3 Qd6 38. Qe3 Qd7 39. Be1 Bc7
40. Bb4 Bd6 41. Bxd6 Qxd6 42. Qe8+ Kh7 43. Qxf7 Qg3 44. h5 Qh3+ 45. Kf2 Qh2+
46. Ke3 Qg1+ 47. Kd3 Qb1+ 48. Kc3 Qa1+ 49. Kd3 Qd1+ 50. Ke3 Qg1+ 51. Ke2 Qg2+
52. Kd1 Qf1+ 53. Kc2 Qe2+ 54. Kb1 Qd3+ 55. Ka2 gxh5 56. Qxh5+ Kg8 57. Qe8+ Kh7
58. Qxc6 Qxd4 59. Qc2+ Kh8 60. g5 Kg8 61. Qf5 Qd2+ 62. Ka3 a5 63. g6 Qc1+ 64.
Ka2 Qd2+ 65. Kb1 Qd1+ 66. Kb2 Qd2+ 67. Qc2 Qd4+ 68. Ka2 Kf8 69. Qc7 Qd2+ 70.
Ka3 Qb4+ 71. Kb2 Qd2+ 72. Qc2 Qd4+ 73. Qc3 Qb6 74. Qd3 Qf6+ 75. Kc2 Qe6 76. b4
axb4 77. Kb3 Ke7 78. a5 Kd8 79. Qd4 Qxg6 80. Qxd5+ Kc7 81. Kxb4 Qf6 82. Kb5
Qb2+ 83. Kc4 Qa2+ 84. Kd4 Qd2+ 85. Ke4 Qe2+ 86. Kf5 Qg2 87. Qe5+ Kb7 88. f4 Ka6
89. Ke6 Qg6+ 90. Ke7 Qh7 91. Qg5 Qg8 92. Qc5 1-0

[Event "4NCL"]
[Site "Barcelo Hotel, Hinkley Island,"]
[Date "2011.04.30"]
[Round "9.28"]
[White "Blackburn, Suzy G"]
[Black "Taylor, Adam A"]
[Result "1-0"]
[WhiteElo "1944"]
[BlackElo "1821"]
[PlyCount "53"]
[EventDate "2011.??.??"]
[WhiteTeam "Rhyfelwyr Essyllwg"]
[BlackTeam "Guildford A&DC 2"]

1. d4 Nf6 2. Nf3 c5 3. c3 d5 4. Bf4 Nc6 5. e3 e6 6. Bd3 Bd6 7. Bg5 O-O 8. Nbd2
h6 9. Bh4 e5 10. dxe5 Nxe5 11. Nxe5 Bxe5 12. Nf3 Bc7 13. O-O g5 14. Bg3 Bxg3
15. hxg3 Be6 16. Ne5 Ne4 17. Kh2 f6 18. Ng6 Rf7 19. Qh5 Kg7 20. f3 Bf5 21. Nh4
Bh7 22. fxe4 dxe4 23. Bc4 Rf8 24. Nf5+ Bxf5 25. Rxf5 Qd2 26. Rd5 Qxb2 27. Rd7+
1-0

[Event "4NCL"]
[Site "Barcelo Hotel, Hinkley Island,"]
[Date "2011.04.30"]
[Round "9.31"]
[White "Salov, Sergei"]
[Black "Spence, David J"]
[Result "1/2-1/2"]
[WhiteElo "2258"]
[BlackElo "2207"]
[PlyCount "53"]
[EventDate "2011.??.??"]
[WhiteTeam "Bristol 1"]
[BlackTeam "Anglian Avengers 1"]

1. e4 e6 2. d4 d5 3. Nd2 Nf6 4. e5 Nfd7 5. f4 c5 6. c3 Nc6 7. Ndf3 Qb6 8. g3
cxd4 9. cxd4 Bb4+ 10. Kf2 g5 11. Nxg5 Qxd4+ 12. Qxd4 Nxd4 13. Bd3 h6 14. N5f3
Nxf3 15. Nxf3 a6 16. Be3 Nb8 17. Rhc1 Nc6 18. Nd4 Bd7 19. a3 Be7 20. b4 f6 21.
Nxc6 Bxc6 22. Bd4 f5 23. Be2 Kd7 24. Bc5 Bxc5+ 25. Rxc5 b6 26. Rc3 Bb5 27. Rac1
1/2-1/2

[Event "4NCL"]
[Site "Barcelo Hotel, Hinkley Island,"]
[Date "2011.04.30"]
[Round "9.32"]
[White "Munson, Shaun D"]
[Black "Rudd, Jack"]
[Result "0-1"]
[WhiteElo "2201"]
[BlackElo "2295"]
[PlyCount "78"]
[EventDate "2011.??.??"]
[WhiteTeam "Anglian Avengers 1"]
[BlackTeam "Bristol 1"]

1. d4 Nf6 2. Nc3 c5 3. d5 d6 4. e4 g6 5. Nf3 Bg7 6. Bb5+ Bd7 7. a4 O-O 8. O-O
a6 9. Be2 Bg4 10. Bf4 Nbd7 11. h3 Bxf3 12. Bxf3 Rb8 13. Be2 Ne8 14. Qd2 Nc7 15.
Bh6 Bxh6 16. Qxh6 e5 17. f4 exf4 18. Rxf4 Qe7 19. Raf1 b5 20. axb5 axb5 21. Bg4
Ne5 22. Nd1 f6 23. R4f2 Nxg4 24. hxg4 Qxe4 25. Nc3 Qxg4 26. Rf4 Qg5 27. Qh3 f5
28. Qf3 Rbe8 29. Qd3 c4 30. Qd4 Qg3 31. Kh1 Re1 32. Rxe1 Qxe1+ 33. Kh2 Re8 34.
Qf6 Qe5 35. Qxe5 Rxe5 36. b3 cxb3 37. cxb3 Re3 38. Nxb5 Nxb5 39. Rb4 Nc3 0-1

[Event "4NCL"]
[Site "Barcelo Hotel, Hinkley Island,"]
[Date "2011.04.30"]
[Round "9.33"]
[White "Beaumont, Chris R"]
[Black "Talsma, Paul A"]
[Result "1-0"]
[WhiteElo "2308"]
[BlackElo "2260"]
[PlyCount "97"]
[EventDate "2011.??.??"]
[WhiteTeam "Bristol 1"]
[BlackTeam "Anglian Avengers 1"]

1. c4 f5 2. g3 Nf6 3. Bg2 g6 4. d4 Bg7 5. Nf3 d6 6. b4 e5 7. dxe5 Ng4 8. Bb2
Nc6 9. Qb3 Ngxe5 10. c5 Qe7 11. cxd6 cxd6 12. O-O Be6 13. Qc2 O-O 14. Nxe5 Nxe5
15. Nd2 Rac8 16. Qb1 f4 17. Bd4 fxg3 18. hxg3 Bh6 19. Qb2 Bg7 20. Rac1 Bg4 21.
Bd5+ Kh8 22. f4 Nc6 23. Bxg7+ Qxg7 24. Qxg7+ Kxg7 25. Bxc6 bxc6 26. Kf2 c5 27.
bxc5 dxc5 28. e4 Rfd8 29. Ke3 Be6 30. Rc2 c4 31. Rc3 Rd6 32. e5 Ra6 33. a3 Rb8
34. Rb1 Rd8 35. Rb7+ Kg8 36. Ne4 Rd3+ 37. Rxd3 cxd3 38. Nc5 Rc6 39. Nxe6 Rxe6
40. Rxa7 Rb6 41. Rd7 Ra6 42. Rxd3 Ra4 43. g4 g5 44. Rd8+ Kf7 45. f5 Rxg4 46.
Rd7+ Ke8 47. Rxh7 Rf4 48. f6 Rf1 49. Ke4 1-0

[Event "4NCL"]
[Site "Barcelo Hotel, Hinkley Island,"]
[Date "2011.04.30"]
[Round "9.34"]
[White "Player, Edmund C"]
[Black "Buckley, David E"]
[Result "0-1"]
[WhiteElo "2179"]
[BlackElo "2237"]
[PlyCount "80"]
[EventDate "2011.??.??"]
[WhiteTeam "Anglian Avengers 1"]
[BlackTeam "Bristol 1"]

1. e4 Nf6 2. e5 Nd5 3. d4 d6 4. Nf3 dxe5 5. Nxe5 c6 6. Be2 Bf5 7. c3 Nd7 8. Nf3
e6 9. O-O Bd6 10. Re1 O-O 11. Bf1 Re8 12. Nbd2 h6 13. a3 b5 14. Ne4 Bf8 15. Bd2
Qb6 16. b3 c5 17. b4 cxb4 18. cxb4 Bxe4 19. Rxe4 Qb7 20. Re1 Rac8 21. Qb3 Rc7
22. Rac1 Rec8 23. Rxc7 Rxc7 24. Ne5 Nxe5 25. dxe5 a6 26. Qg3 g6 27. Bd3 Ne7 28.
Qh3 Qd5 29. Bf4 Rc3 30. Be4 Rxh3 31. Bxd5 Rxa3 32. Bb7 Nd5 33. Bxd5 exd5 34. g3
Bxb4 35. Rd1 Bf8 36. Rxd5 b4 37. Rd8 b3 38. e6 b2 39. Rb8 Ra1+ 40. Kg2 b1=Q 0-1

[Event "4NCL"]
[Site "Barcelo Hotel, Hinkley Island,"]
[Date "2011.04.30"]
[Round "9.35"]
[White "Curtis, John E"]
[Black "Gregory, Stephen J"]
[Result "0-1"]
[WhiteElo "2123"]
[BlackElo "2099"]
[PlyCount "84"]
[EventDate "2011.??.??"]
[WhiteTeam "Bristol 1"]
[BlackTeam "Anglian Avengers 1"]

1. d4 Nf6 2. Nf3 d6 3. Nc3 g6 4. e4 Bg7 5. Be3 a6 6. Qd2 b5 7. Bh6 Bxh6 8. Qxh6
b4 9. Nd5 Nxd5 10. exd5 Nd7 11. Qg7 Rf8 12. Ng5 Nf6 13. O-O-O Bf5 14. Nxh7 Nxh7
15. Qxh7 e6 16. Qh6 exd5 17. Bd3 Bxd3 18. Rxd3 Qf6 19. Qd2 a5 20. Re3+ Kd7 21.
Qe2 Rab8 22. Re1 Qxd4 23. Qa6 Qb6 24. Qd3 Qc5 25. Re7+ Kc6 26. Qf3 a4 27. R1e3
f5 28. Qe2 Qc4 29. Rd3 Qxa2 30. Qe6 Rfd8 31. Qf7 Rb7 32. b3 axb3 33. Qxd5+ Kb6
34. Rxb3 Qa1+ 35. Kd2 Qa5 36. Qd4+ c5 37. Rxb7+ Kxb7 38. Qd5+ Kc7 39. Qf7+ Rd7
40. Qxg6 c4 41. Rb1 b3+ 42. Kc1 Re7 0-1

[Event "4NCL"]
[Site "Barcelo Hotel, Hinkley Island,"]
[Date "2011.04.30"]
[Round "9.37"]
[White "Dilleigh, Stephen P"]
[Black "Tozer, Philip AA"]
[Result "0-1"]
[WhiteElo "2098"]
[BlackElo "2151"]
[PlyCount "144"]
[EventDate "2011.??.??"]
[WhiteTeam "Bristol 1"]
[BlackTeam "Anglian Avengers 1"]

1. d4 e6 2. c4 f5 3. g3 Nf6 4. Bg2 c6 5. Nf3 d5 6. O-O Bd6 7. Nc3 O-O 8. Qc2
Qe7 9. Rb1 Nbd7 10. Rd1 Ne4 11. b3 Ndf6 12. Rf1 Nxc3 13. Qxc3 Ne4 14. Qc2 b6
15. cxd5 cxd5 16. Bf4 Bxf4 17. gxf4 Ba6 18. Rfc1 Rac8 19. Qb2 Qb4 20. a3 Qa5
21. Bf1 Rc3 22. Rxc3 Qxc3 23. Qxc3 Nxc3 24. Rb2 Rc8 25. Rc2 Nxe2+ 26. Rxe2 Bxe2
27. Bxe2 Rc3 28. b4 a5 29. bxa5 bxa5 30. a4 Ra3 31. Ng5 Rxa4 32. Nxe6 Kf7 33.
Nc7 Rxd4 34. Bf3 a4 35. Bxd5+ Ke7 36. Bg8 Rd1+ 37. Kg2 Kd6 38. Nb5+ Kc5 39. Nc3
Rd4 40. Nxa4+ Rxa4 41. Bxh7 Rxf4 42. Kg3 Rg4+ 43. Kf3 g5 44. Bg6 Kd5 45. h3 Rh4
46. Kg2 Ke5 47. Be8 Kf4 48. Bc6 Rh6 49. Bd5 Rd6 50. Bb7 Rd3 51. Bc6 Ra3 52. Bb7
Ke5 53. Bc6 Rc3 54. Bb7 Kd4 55. Ba6 Rc5 56. Kg3 Rc6 57. Be2 f4+ 58. Kg4 Rc2 59.
Ba6 Rxf2 60. Kxg5 Ke5 61. Bb7 Rf1 62. h4 Rg1+ 63. Kh6 Rg3 64. h5 Kf6 65. Kh7
Rg7+ 66. Kh6 Rg3 67. Kh7 f3 68. h6 f2 69. Ba6 Rg1 70. Kh8 f1=Q 71. Bxf1 Rxf1
72. Kg8 Ra1 0-1

[Event "4NCL"]
[Site "Barcelo Hotel, Hinkley Island,"]
[Date "2011.04.30"]
[Round "9.42"]
[White "Williams, Simon K"]
[Black "Swanson, Stephen"]
[Result "1-0"]
[WhiteElo "2507"]
[BlackElo "2269"]
[PlyCount "77"]
[EventDate "2011.??.??"]
[WhiteTeam "Jutes of Kent"]
[BlackTeam "Poisoned Pawns 1"]

1. d4 g6 2. e4 Bg7 3. Nc3 d6 4. Be3 a6 5. h4 h5 6. Nh3 Nf6 7. f3 O-O 8. Bc4 Nc6
9. Qd2 b5 10. Bb3 e5 11. d5 Ne7 12. Nf2 Bd7 13. a4 Qc8 14. Bg5 Kh7 15. a5 Neg8
16. Na2 Ne8 17. Nb4 f6 18. Be3 Bh6 19. O-O-O Ng7 20. Kb1 Bxe3 21. Qxe3 Qe8 22.
g4 Nh6 23. Rhg1 Rg8 24. Rc1 Qc8 25. Nc6 Bxc6 26. dxc6 Rf8 27. Rg3 hxg4 28. fxg4
Ne6 29. g5 Ng8 30. gxf6 Nxf6 31. Rcg1 Nf4 32. Nd3 N6h5 33. Rxg6 Nxg6 34. Qg5
Rf1+ 35. Rxf1 Ngf4 36. Qe7+ Kh6 37. Qg5+ Kh7 38. Bf7 Qd8 39. Qf5+ 1-0

[Event "4NCL"]
[Site "Barcelo Hotel, Hinkley Island,"]
[Date "2011.04.30"]
[Round "9.43"]
[White "Dunn, Andrew"]
[Black "Thorfinnsson, Bjorn"]
[Result "1-0"]
[WhiteElo "2215"]
[BlackElo "2419"]
[PlyCount "67"]
[EventDate "2011.??.??"]
[WhiteTeam "Poisoned Pawns 1"]
[BlackTeam "Jutes of Kent"]

1. d4 Nf6 2. Nf3 e6 3. e3 c5 4. Bd3 Nc6 5. c3 b6 6. O-O Bb7 7. Qe2 Rc8 8. e4
cxd4 9. Nxd4 Ne5 10. Bc2 Bc5 11. Nb3 Be7 12. N1d2 Qc7 13. f4 Ng6 14. e5 Nd5 15.
Ne4 O-O 16. Bd3 f6 17. exf6 Nxf6 18. Bd2 Nd5 19. g3 a5 20. a4 Rf7 21. Nd4 Rcf8
22. Qh5 Nf6 23. Nxf6+ Rxf6 24. Rae1 Bc5 25. Be3 Qd6 26. Bc2 R8f7 27. Bf2 Nf8
28. Qe5 Qe7 29. Nb5 Rf5 30. Bxf5 exf5 31. Bxc5 Qd8 32. Bxf8 Rxf8 33. Nd6 Ba8
34. Qd4 1-0

[Event "4NCL"]
[Site "Barcelo Hotel, Hinkley Island,"]
[Date "2011.04.30"]
[Round "9.44"]
[White "Dickenson, Neil F"]
[Black "Harley, Andrew D"]
[Result "1/2-1/2"]
[WhiteElo "2313"]
[BlackElo "2202"]
[PlyCount "34"]
[EventDate "2011.??.??"]
[WhiteTeam "Jutes of Kent"]
[BlackTeam "Poisoned Pawns 1"]

1. d4 e6 2. c4 Nf6 3. Nf3 b6 4. Nc3 Bb7 5. Bf4 Be7 6. Qc2 Nh5 7. Bd2 d5 8. cxd5
exd5 9. e3 O-O 10. Bd3 Nf6 11. Ne5 c5 12. O-O Nc6 13. Qa4 Nxe5 14. dxe5 Ne4 15.
Be1 Nxc3 16. Bxc3 f6 17. Qh4 g6 1/2-1/2

[Event "4NCL"]
[Site "Barcelo Hotel, Hinkley Island,"]
[Date "2011.04.30"]
[Round "9.46"]
[White "Harakis, Alexis M"]
[Black "McEwan, Ken B"]
[Result "1-0"]
[WhiteElo "2205"]
[BlackElo "2139"]
[PlyCount "65"]
[EventDate "2011.??.??"]
[WhiteTeam "Jutes of Kent"]
[BlackTeam "Poisoned Pawns 1"]

1. d4 Nf6 2. c4 e6 3. Nc3 d5 4. cxd5 exd5 5. Bg5 Be7 6. e3 O-O 7. Bd3 Re8 8.
Nge2 c6 9. Qc2 Nbd7 10. O-O Nf8 11. a3 a5 12. Rad1 Ne4 13. Bxe7 Qxe7 14. Bxe4
dxe4 15. Ng3 f5 16. d5 Qf6 17. f3 exf3 18. Rxf3 g6 19. Qc1 Bd7 20. e4 cxd5 21.
Nxd5 Qe5 22. exf5 Rac8 23. Qg5 Bc6 24. Re3 Qxb2 25. fxg6 Nxg6 26. Ne4 Rf8 27.
Nef6+ Rxf6 28. Nxf6+ Kh8 29. Rh3 Qb6+ 30. Kh1 Bxg2+ 31. Kxg2 Rc2+ 32. Kh1 Qc6+
33. Nd5 1-0